COMMONSENSE METHODS FOR CHILDREN WITH SPECIAL NEEDS (Record no. 19995)

MARC details
000 -LEADER
fixed length control field 00448nam a22001817a 4500
003 - CONTROL NUMBER IDENTIFIER
control field OSt
005 - DATE AND TIME OF LATEST TRANSACTION
control field 20211124155052.0
008 - FIXED-LENGTH DATA ELEMENTS--GENERAL INFORMATION
fixed length control field 211124b |||||||| |||| 00| 0 eng d
020 ## - INTERNATIONAL STANDARD BOOK NUMBER
International Standard Book Number 0415087732
040 ## - CATALOGING SOURCE
Transcribing agency HU
082 ## - DEWEY DECIMAL CLASSIFICATION NUMBER
Classification number 371.9043/WES
100 ## - MAIN ENTRY--PERSONAL NAME
Personal name PETER WESTWOOD
9 (RLIN) 20385
245 ## - TITLE STATEMENT
Title COMMONSENSE METHODS FOR CHILDREN WITH SPECIAL NEEDS
250 ## - EDITION STATEMENT
Edition statement 2ND
260 ## - PUBLICATION, DISTRIBUTION, ETC.
Place of publication, distribution, etc. NEW YORK
Name of publisher, distributor, etc. ROUTLEDGE
Date of publication, distribution, etc. 1993
300 ## - PHYSICAL DESCRIPTION
Extent 224P
942 ## - ADDED ENTRY ELEMENTS (KOHA)
Source of classification or shelving scheme Dewey Decimal Classification
Koha item type Books like text book referance book
Suppress in OPAC No
Holdings
Withdrawn status Lost status Source of classification or shelving scheme Damaged status Not for loan Home library Current library Shelving location Date acquired Total Checkouts Full call number Barcode Date last seen Copy number Price effective from Koha item type
    Dewey Decimal Classification     Social Library Social Library General Stacks 11/24/2021   371.9043/WES SHLIB00003846 11/24/2021 1 11/24/2021 Books like text book referance book